[Event "Damhusmesterskabet Gruppe C 2010"]
[Site "Rodovre"]
[Date "2010.09.07"]
[Round "1"]
[White "Hansen, Soren Sonderkaer"]
[Black "Balken, Peer"]
[Result "1-0"]
[WhiteElo "1300"]
[BlackElo "1214"]
[PlyCount "44"]
[EventDate "2010.??.??"]

1. d4 d5 2. Bf4 e6 3. Nf3 Bd6 4. Qd2 c5 5. dxc5 Bxc5 6. e3 Nc6 7. Bb5 a6 8.
Bxc6+ bxc6 9. Ne5 Bb7 10. Nc3 f6 11. Nf3 Bd6 12. e4 e5 13. Bg3 Ne7 14. exd5
Nxd5 15. O-O-O Bb4 16. Rhe1 O-O 17. a3 a5 18. axb4 axb4 19. Nb1 Qa5 20. Re3 c5
21. Ne1 Rfd8 22. Rd3 Bc6 1-0

[Event "Damhusmesterskabet Gruppe C 2010"]
[Site "Rodovre"]
[Date "2010.09.07"]
[Round "1"]
[White "Hviid, Jens Carl"]
[Black "Olsen, Kim"]
[Result "1/2-1/2"]
[WhiteElo "1298"]
[BlackElo "1393"]
[PlyCount "122"]
[EventDate "2010.??.??"]

1. c4 e5 2. Nc3 Nc6 3. g3 Nf6 4. Bg2 d6 5. d3 Bg4 6. Bg5 Be7 7. Bxf6 Bxf6 8.
Nd5 Nd4 9. Nxf6+ Qxf6 10. Bxb7 Rb8 11. Qa4+ Ke7 12. Bf3 Bd7 13. Qd1 Rxb2 14.
Kf1 Rhb8 15. Kg2 h5 16. Bxh5 Qh6 17. Bf3 Nxf3 18. Nxf3 Qh3+ 19. Kg1 Bc6 20. Qf1
Qf5 21. Kg2 a5 22. h4 Qg4 23. e4 f5 24. Nh2 Qg6 25. Qc1 f4 26. Kf3 Bd7 27. gxf4
Qh5+ 28. Kg3 Qe2 29. Rf1 Qxd3+ 30. Nf3 Qxe4 31. Ng5 Qf5 32. f3 Rc2 33. Qe3 Rbb2
34. Rg1 Kf6 35. fxe5+ dxe5 36. Qe4 Qf4+ 37. Qxf4+ exf4+ 38. Kxf4 Rxc4+ 39. Kg3
Re2 40. Rac1 Rcc2 41. Rxc2 Rxc2 42. Rb1 Rxa2 43. Rb7 Rc2 44. Ra7 a4 45. Ra6+
Ke7 46. h5 Rc5 47. Kh4 Rc4+ 48. Kg3 Rc3 49. h6 gxh6 50. Rxh6 Rc6 51. Rh7+ Kd6
52. Ne4+ Ke6 53. Ng5+ Kf5 54. Ne4 Be6 55. Rh5+ Kg6 56. Rg5+ Kf7 57. Re5 a3 58.
Ra5 a2 59. Ng5+ Ke7 60. Nxe6 Rc1 61. Rxa2 Kxe6 1/2-1/2

[Event "Damhusmesterskabet Gruppe C 2010"]
[Site "Rodovre"]
[Date "2010.09.07"]
[Round "1"]
[White "Wadtland, Flemming"]
[Black "Jorgensen, Henry Lund"]
[Result "1-0"]
[WhiteElo "1246"]
[BlackElo "1339"]
[PlyCount "85"]
[EventDate "2010.??.??"]

1. b4 d5 2. Bb2 e6 3. e3 Nf6 4. b5 a6 5. a4 axb5 6. axb5 Rxa1 7. Bxa1 Be7 8. d4
O-O 9. Nf3 Nbd7 10. Nbd2 Nb6 11. Bd3 Bb4 12. O-O Na4 13. Qc1 Qe8 14. c3 Bd6 15.
Qc2 Nb6 16. Ne5 c5 17. bxc6 bxc6 18. Rb1 Nbd7 19. Nxc6 e5 20. dxe5 Nxe5 21.
Nxe5 Bxe5 22. Nf3 g6 23. Nxe5 Qxe5 24. c4 Qg5 25. Bxf6 Qxf6 26. cxd5 Qd6 27.
Qc6 Qa3 28. Qb5 Rd8 29. Bc4 Qc3 30. Qb3 Qd2 31. Rd1 Qa5 32. e4 Bd7 33. d6 Ba4
34. Bxf7+ Kf8 35. Qa3 Kxf7 36. Qa2+ Kf8 37. Ra1 Rxd6 38. Qa3 Qd2 39. e5 Bd7 40.
Qxd6+ Qxd6 41. exd6 Bg4 42. Ra7 Ke8 43. Rxh7 1-0

[Event "Damhusmesterskabet Gruppe C 2010"]
[Site "Rodovre"]
[Date "2010.09.16"]
[Round "1"]
[White "Breinholt, Bendt"]
[Black "Gemzoe, Bjorn"]
[Result "0-1"]
[WhiteElo "1000"]
[BlackElo "1280"]
[PlyCount "92"]
[EventDate "2010.??.??"]

1. e4 c5 2. Nf3 Qa5 3. Bc4 e6 4. O-O b5 5. Be2 Bb7 6. Nc3 b4 7. Nb5 a6 8. Nbd4
cxd4 9. d3 Bc5 10. b3 Ne7 11. Bf4 d6 12. Qd2 e5 13. Bg3 Ng6 14. h3 Qd8 15. h4
Bc8 16. h5 Nf4 17. Bxf4 exf4 18. Qxf4 h6 19. e5 dxe5 20. Qxe5+ Be7 21. Qxg7 Rf8
22. Qxh6 Bb7 23. Qh7 Nc6 24. g3 Qd6 25. Rfe1 O-O-O 26. Nh4 Bxh4 27. gxh4 Qf4
28. Qe4 Qxe4 29. dxe4 Ne5 30. f4 Nd7 31. Bg4 Kb8 32. Rad1 Rg8 33. Kh2 Rxg4 34.
Rxd4 Rxh4+ 35. Kg3 Rxh5 36. Kg4 Nf6+ 37. Kf3 Rxd4 38. Ke3 Rxe4+ 39. Kd2 Rh2+
40. Kd1 Rd4+ 41. Kc1 Rdd2 42. Rd1 Rxc2+ 43. Kb1 Rb2+ 44. Ka1 Rxa2+ 45. Kb1 Be4+
46. Kc1 Ra1# 0-1

[Event "Damhusmesterskabet Gruppe C 2010"]
[Site "Rodovre"]
[Date "2010.09.14"]
[Round "2"]
[White "Christensen, Bent2"]
[Black "Balken, Peer"]
[Result "0-1"]
[WhiteElo "1229"]
[BlackElo "1214"]
[PlyCount "115"]
[EventDate "2010.??.??"]

1. e4 e5 2. Bc4 d6 3. d4 exd4 4. Qxd4 Nc6 5. Qd2 Be6 6. Bxe6 fxe6 7. Nf3 h6 8.
Qf4 Qf6 9. Nc3 O-O-O 10. a3 g5 11. Qe3 a6 12. h3 Nge7 13. Bd2 e5 14. O-O-O Nd4
15. Nd5 Nxd5 16. exd5 Nxf3 17. gxf3 b6 18. Qc3 Bg7 19. Qc6 Qxf3 20. Qa8+ Kd7
21. Qc6+ Kc8 22. Be3 Kb8 23. Rhe1 Qxh3 24. Rd3 Qd7 25. Qc4 Qb5 26. Qxb5 axb5
27. Rb3 g4 28. Rxb5 Kb7 29. a4 Ka6 30. c4 h5 31. Kc2 h4 32. Ra1 h3 33. a5 Kb7
34. axb6 Ra8 35. Rh1 e4 36. Rb4 c5 37. dxc6+ Kxc6 38. Rb5 Be5 39. b7 Rab8 40.
Ra5 Rxb7 41. b3 Rhb8 42. Ra3 Rb4 43. Ra6+ Kd7 44. c5 Rxb3 45. Ra7+ R8b7 46.
cxd6 Rc3+ 47. Kd2 Rxa7 48. Bxa7 Kxd6 49. Bb8+ Kd5 50. Bxe5 Rd3+ 51. Kc2 Kxe5
52. Re1 Kf4 53. Rf1 Kf3 54. Re1 h2 55. Kc1 Kxf2 56. Rxe4 h1=Q+ 57. Kc2 Qxe4 58.
Kc1 0-1

[Event "Damhusmesterskabet Gruppe C 2010"]
[Site "Rodovre"]
[Date "2010.09.14"]
[Round "2"]
[White "Gemzoe, Bjorn"]
[Black "Hviid, Jens Carl"]
[Result "1-0"]
[WhiteElo "1280"]
[BlackElo "1298"]
[PlyCount "55"]
[EventDate "2010.??.??"]

1. e4 g6 2. d4 d6 3. c4 c6 4. b4 Bg7 5. Nc3 Nd7 6. Be3 c5 7. a3 cxd4 8. Bxd4 e5
9. Be3 h5 10. Qxd6 Ne7 11. Nb5 O-O 12. Rd1 b6 13. Qd2 f5 14. Bg5 Bf6 15. Bxf6
Rxf6 16. exf5 Qf8 17. fxg6 Rxg6 18. Nf3 Bb7 19. Qe3 Nf5 20. Qc3 Bxf3 21. Qxf3
e4 22. Qxh5 Qf6 23. Rxd7 e3 24. f3 a6 25. Nd4 Ng7 26. Qd5+ Kh7 27. Bd3 Rg8 28.
Qh5# 1-0

[Event "Damhusmesterskabet Gruppe C 2010"]
[Site "Rodovre"]
[Date "2010.09.14"]
[Round "2"]
[White "Hansen, Soren Sonderkaer"]
[Black "Wadtland, Flemming"]
[Result "0-1"]
[WhiteElo "1300"]
[BlackElo "1246"]
[PlyCount "98"]
[EventDate "2010.??.??"]

1. d4 Nf6 2. Bf4 d5 3. Nc3 Bf5 4. Nf3 e6 5. a3 Bd6 6. Bg3 Bxg3 7. hxg3 Qd6 8.
Nb5 Qb6 9. e3 a6 10. Nc3 Qxb2 11. Na4 Qxc2 12. Qxc2 Bxc2 13. Nb2 c6 14. Rc1 Be4
15. Nd2 Bg6 16. f3 b5 17. Nb3 Ra7 18. a4 O-O 19. Be2 Re8 20. Na5 e5 21. dxe5
Rxe5 22. Kf2 Re6 23. Nd3 Rae7 24. Rhe1 Rxe3 25. Nxc6 Nxc6 26. Rxc6 Bxd3 27.
Bxd3 Rxe1 28. axb5 axb5 29. Bxb5 Ne8 30. Rc8 Kf8 31. Rd8 R1e5 32. f4 Rf5 33.
Bd3 Rh5 34. g4 Rh1 35. Rxd5 Rhe1 36. g5 g6 37. f5 R7e5 38. Rd4 Rd1 39. fxg6
hxg6 40. g4 Rd2+ 41. Kf3 Rxg5 42. Kf4 Rc5 43. Ke3 Rb2 44. Rf4 Rb3 45. Kd2 Rd5
46. Rf3 Nd6 47. Kc2 Rbxd3 48. Rxd3 Rxd3 49. Kxd3 Ke7 0-1

[Event "Damhusmesterskabet Gruppe C 2010"]
[Site "Rodovre"]
[Date "2010.09.14"]
[Round "2"]
[White "Jorgensen, Henry Lund"]
[Black "Breinholt, Bendt"]
[Result "1-0"]
[WhiteElo "1339"]
[BlackElo "1000"]
[PlyCount "91"]
[EventDate "2010.??.??"]

1. Nf3 Nf6 2. c4 d6 3. d4 Bf5 4. Nc3 Nc6 5. Bg5 d5 6. Bxf6 exf6 7. cxd5 Ne7 8.
e4 Bg4 9. Bb5+ Bd7 10. Bxd7+ Qxd7 11. Qb3 O-O-O 12. O-O Kb8 13. Rfc1 a6 14. Qc2
g6 15. a4 Bh6 16. Rcb1 f5 17. Ne5 Qe8 18. b4 c6 19. dxc6 Rxd4 20. cxb7 f6 21.
Nd3 Qd8 22. Nc5 Rd2 23. Qb3 Qd4 24. Nd1 Nc6 25. b5 Qxc5 26. bxc6 Qxc6 27. Rc1
Qxe4 28. Ne3 f4 29. Rc8+ Rxc8 30. bxc8=Q+ Kxc8 31. Qc3+ Kd7 32. Qxd2+ Ke6 33.
Ng4 f3 34. Nxh6 Qe5 35. Re1 Qxe1+ 36. Qxe1+ Kd7 37. Ng8 f5 38. Qe5 h5 39. Nf6+
Kc6 40. Qd5+ Kc7 41. a5 fxg2 42. Qd7+ Kb8 43. Nd5 Ka8 44. Nb6+ Kb8 45. Qc8+ Ka7
46. Qa8# 1-0

[Event "Damhusmesterskabet Gruppe C 2010"]
[Site "Rodovre"]
[Date "2010.09.16"]
[Round "2"]
[White "Olsen, Kim"]
[Black "Gram, Mathias Laerkegaard"]
[Result "0-1"]
[WhiteElo "1393"]
[BlackElo "1347"]
[PlyCount "66"]
[EventDate "2010.??.??"]

1. c4 c6 2. Nc3 d5 3. cxd5 cxd5 4. Nf3 Nf6 5. d3 Nc6 6. Bg5 d4 7. Bxf6 exf6 8.
Ne4 Bb4+ 9. Ned2 O-O 10. g3 Re8 11. a3 Ne5 12. Nxe5 Bxd2+ 13. Qxd2 Rxe5 14. Bg2
Qe7 15. b4 Bg4 16. f3 Re8 17. Ra2 Be6 18. Rb2 Bd5 19. Kf2 f5 20. Re1 Re3 21.
Qd1 b5 22. Rd2 f4 23. Qc1 h5 24. Qc5 fxg3+ 25. hxg3 Qg5 26. Qxd4 Bxf3 27. Bxf3
Rxf3+ 28. Kxf3 Qxd2 29. Kf2 Re6 30. Qa1 Rf6+ 31. Kg2 Qe3 32. Kh3 Rf2 33. Qa2
Qg5 0-1

[Event "Damhusmesterskabet Gruppe C 2010"]
[Site "Rodovre"]
[Date "2010.09.21"]
[Round "3"]
[White "Breinholt, Bendt"]
[Black "Olsen, Kim"]
[Result "0-1"]
[WhiteElo "1000"]
[BlackElo "1393"]
[PlyCount "58"]
[EventDate "2010.??.??"]

1. e4 c5 2. Bc4 e6 3. Nc3 Nc6 4. Nf3 Qc7 5. Qe2 a6 6. a4 Bd6 7. Nd5 exd5 8.
exd5+ Nce7 9. O-O Nf6 10. d3 h6 11. h3 O-O 12. d4 b6 13. dxc5 bxc5 14. Rd1 Bb7
15. c3 Ng6 16. Rb1 Rfe8 17. Be3 Re7 18. Kf1 Nf4 19. Qe1 N4xd5 20. b4 Nxe3+ 21.
fxe3 Bg3 22. Qd2 Be4 23. Ke2 Bxb1 24. Rxb1 cxb4 25. cxb4 Qxc4+ 26. Kd1 Ne4 27.
Qe2 Nc3+ 28. Kd2 Nxe2 29. b5 Qa2+ 0-1

[Event "Damhusmesterskabet Gruppe C 2010"]
[Site "Rodovre"]
[Date "2010.09.21"]
[Round "3"]
[White "Christensen, Bent2"]
[Black "Hviid, Jens Carl"]
[Result "0-1"]
[WhiteElo "1229"]
[BlackElo "1298"]
[PlyCount "84"]
[EventDate "2010.??.??"]

1. e4 g6 2. Bc4 Bg7 3. c3 e6 4. d4 Nc6 5. e5 d5 6. exd6 cxd6 7. Nf3 Nge7 8. d5
exd5 9. Bxd5 Nxd5 10. Qxd5 Qe7+ 11. Be3 Be6 12. Qd2 Bc4 13. Na3 Ba6 14. O-O-O
Rd8 15. Rhe1 Ne5 16. Bxa7 Nd3+ 17. Kb1 Nxe1 18. Rxe1 Be5 19. Bd4 f6 20. Qh6 Kd7
21. Bb6 Rc8 22. Nd4 Qf7 23. Qh3+ f5 24. Ndb5 Bxb5 25. Nxb5 Kc6 26. Na7+ Kxb6
27. Nxc8+ Rxc8 28. Qe3+ Kc7 29. g3 f4 30. Qd3 fxg3 31. fxg3 Kb8 32. Rf1 Qe7 33.
Qd5 Rf8 34. Qd3 Rxf1+ 35. Qxf1 Qg5 36. Qf8+ Ka7 37. Qf7 Qd2 38. Qf1 Qxh2 39. g4
Qg3 40. Qd1 b5 41. Qe2 Qg1+ 42. Kc2 Qh2 0-1

[Event "Damhusmesterskabet Gruppe C 2010"]
[Site "Rodovre"]
[Date "2010.09.21"]
[Round "3"]
[White "Gemzoe, Bjorn"]
[Black "Hansen, Soren Sonderkaer"]
[Result "1-0"]
[WhiteElo "1280"]
[BlackElo "1300"]
[PlyCount "65"]
[EventDate "2010.??.??"]

1. e4 Nf6 2. Nc3 g6 3. d4 d5 4. e5 Ng4 5. Be2 Nh6 6. g4 Bg7 7. Bf4 O-O 8. h3
Nc6 9. Qd2 Re8 10. Bxh6 Bxh6 11. Qxh6 Nxd4 12. O-O-O Nxe2+ 13. Ncxe2 a5 14. Nf3
f6 15. Nf4 c6 16. Rhe1 Rf8 17. e6 Qe8 18. h4 b5 19. Nh3 g5 20. h5 Bxe6 21. Rxe6
Qd7 22. Rde1 Rf7 23. Nhxg5 fxg5 24. Nxg5 Rg7 25. f4 Qc7 26. R1e5 Rf8 27. f5 Rf6
28. Qxg7+ Kxg7 29. Rxe7+ Qxe7 30. Rxe7+ Kh8 31. Nxh7 Rd6 32. Re6 Rxe6 33. fxe6
1-0

[Event "Damhusmesterskabet Gruppe C 2010"]
[Site "Rodovre"]
[Date "2010.09.28"]
[Round "4"]
[White "Olsen, Kim"]
[Black "Hansen, Soren Sonderkaer"]
[Result "0-1"]
[WhiteElo "1393"]
[BlackElo "1300"]
[PlyCount "76"]
[EventDate "2010.??.??"]

1. c4 Nf6 2. Nc3 g6 3. Nf3 Bg7 4. g3 O-O 5. Bg2 Nc6 6. O-O b6 7. d4 d5 8. Ne5
Bb7 9. cxd5 Nb4 10. e4 Rc8 11. a3 Na6 12. Nc6 Bxc6 13. dxc6 Ne8 14. Be3 Nb8 15.
Qa4 a6 16. Qc4 b5 17. Qc5 Nd6 18. b3 e6 19. Rfd1 Re8 20. Bh3 Bf8 21. d5 Nxe4
22. Qd4 Ng5 23. Bxg5 Qxg5 24. Ne4 e5 25. Nxg5 exd4 26. Bxc8 Rxc8 27. Rxd4 Bg7
28. Rad1 Bxd4 29. Rxd4 Rd8 30. b4 Nxc6 31. Rd2 Ne5 32. Ne4 Nf3+ 33. Kg2 Nxd2
34. Nxd2 Rxd5 35. Nb1 Rd3 36. Kh3 Rb3 37. Nd2 Rxa3 38. Ne4 Kg7 0-1

[Event "Damhusmesterskabet Gruppe C 2010"]
[Site "Rodovre"]
[Date "2010.09.28"]
[Round "4"]
[White "Christensen, Bent2"]
[Black "Breinholt, Bendt"]
[Result "1-0"]
[WhiteElo "1229"]
[BlackElo "1000"]
[PlyCount "51"]
[EventDate "2010.??.??"]

1. e4 e5 2. Bc4 Nf6 3. d3 a6 4. Nf3 Qe7 5. Ng5 h6 6. Nxf7 Rg8 7. Nxe5 Rh8 8.
Ng6 Qd6 9. Nxh8 Nc6 10. f4 b5 11. Bf7+ Ke7 12. Be3 Qb4+ 13. Nc3 Qxb2 14. Bd2 g5
15. O-O Bg7 16. Rb1 Qa3 17. e5 Ne8 18. Bxe8 Bxh8 19. Nd5+ Kd8 20. Qh5 Qc5+ 21.
Ne3 gxf4 22. Rxf4 Bxe5 23. Kh1 d6 24. Rf8 Ke7 25. Qf7+ Kd8 26. Bxc6# 1-0

[Event "Damhusmesterskabet Gruppe C 2010"]
[Site "Rodovre"]
[Date "2010.09.28"]
[Round "4"]
[White "Gemzoe, Bjorn"]
[Black "Gram, Mathias Laerkegaard"]
[Result "0-1"]
[WhiteElo "1280"]
[BlackElo "1347"]
[PlyCount "46"]
[EventDate "2010.??.??"]

1. e4 c5 2. Nc3 d6 3. Bc4 Nc6 4. a3 Nf6 5. d3 g6 6. Nge2 Bg4 7. f3 Bd7 8. O-O
Bg7 9. Be3 Qc7 10. Qd2 O-O 11. Rab1 Ne5 12. Ba2 e6 13. b4 cxb4 14. axb4 a6 15.
h3 Rac8 16. f4 Neg4 17. hxg4 Nxg4 18. d4 e5 19. d5 Qd8 20. Rf3 f5 21. Rc1 exf4
22. Bxf4 Qb6+ 23. Nd4 Bxd4+ 0-1

[Event "Damhusmesterskabet Gruppe C 2010"]
[Site "Rodovre"]
[Date "2010.09.28"]
[Round "4"]
[White "Jorgensen, Henry Lund"]
[Black "Hviid, Jens Carl"]
[Result "0-1"]
[WhiteElo "1339"]
[BlackElo "1298"]
[PlyCount "86"]
[EventDate "2010.??.??"]

1. e4 d6 2. d4 Nf6 3. Nc3 g6 4. Nf3 c6 5. Bg5 Bg7 6. Bd3 Qa5 7. O-O Bg4 8. h3
Qxg5 9. Nxg5 Bxd1 10. Raxd1 Nh5 11. Ne2 O-O 12. c3 h6 13. Nf3 Nd7 14. Rfe1 e6
15. Bc2 Rad8 16. d5 Ne5 17. Nxe5 Bxe5 18. Nd4 cxd5 19. exd5 exd5 20. Nf3 Nf6
21. Nxe5 dxe5 22. Rxe5 Rfe8 23. Rxe8+ Rxe8 24. Kf1 g5 25. Bb3 Rd8 26. Rd4 b5
27. c4 bxc4 28. Bxc4 Kf8 29. Bb3 Ke7 30. Ke2 Ke6 31. f4 gxf4 32. Rxf4 Ke5 33.
g3 Rd7 34. Kd3 Nh5 35. Rg4 Nf6 36. Rh4 h5 37. Bd1 Rb7 38. b3 Rc7 39. Bxh5 d4
40. Kd2 Ne4+ 41. Kd1 Nxg3 42. Bg4 f5 43. Bh5 Rh7 0-1

[Event "Damhusmesterskabet Gruppe C 2010"]
[Site "Rodovre"]
[Date "2010.10.19"]
[Round "4"]
[White "Balken, Peer"]
[Black "Wadtland, Flemming"]
[Result "1-0"]
[WhiteElo "1214"]
[BlackElo "1246"]
[PlyCount "53"]
[EventDate "2010.??.??"]

1. d4 Nf6 2. c4 Nc6 3. Nc3 d6 4. e4 e5 5. d5 Ne7 6. h3 Ng6 7. Be3 Bd7 8. Bd3
Nf4 9. Bxf4 exf4 10. g3 fxg3 11. fxg3 c6 12. Qf3 Qc7 13. Qe3 Qb6 14. Qxb6 axb6
15. Nf3 Nh5 16. g4 Nf4 17. O-O-O Nxd3+ 18. Rxd3 g6 19. e5 dxe5 20. Nxe5 Bh6+
21. Kc2 c5 22. Re1 Ba4+ 23. b3 Bxb3+ 24. Kxb3 O-O 25. Nd7 Rfe8 26. Rxe8+ Rxe8
27. Nf6+ 1-0

[Event "Damhusmesterskabet Gruppe C 2010"]
[Site "Rodovre"]
[Date "2010.10.05"]
[Round "5"]
[White "Wadtland, Flemming"]
[Black "Gemzoe, Bjorn"]
[Result "0-1"]
[WhiteElo "1246"]
[BlackElo "1280"]
[PlyCount "82"]
[EventDate "2010.??.??"]

1. Nf3 g6 2. c4 d6 3. d4 Bg7 4. e4 Bg4 5. Be3 c5 6. Be2 Qb6 7. Qb3 Bxf3 8. Qxb6
axb6 9. Bxf3 cxd4 10. Bc1 e5 11. Bg4 Nc6 12. Bd2 Nf6 13. Bf3 Nd7 14. b4 O-O 15.
Be2 Ne7 16. b5 Nc5 17. Bb4 Nxe4 18. Bf3 Nc5 19. Bxc5 bxc5 20. Bxb7 Ra7 21. Ba6
Nc6 22. a4 Nb4 23. Na3 Nxa6 24. bxa6 Rxa6 25. Nb5 Rc8 26. Ke2 f5 27. Rhb1 e4
28. Ra3 d3+ 29. Kd1 Be5 30. h3 h5 31. Rbb3 g5 32. Nc3 Bxc3 33. Rxc3 Rca8 34.
Rcb3 Rxa4 35. Rxa4 Rxa4 36. Rb6 Rxc4 37. Rxd6 Kg7 38. g4 hxg4 39. hxg4 f4 40.
Kd2 Rc2+ 41. Kd1 Rxf2 0-1

[Event "Damhusmesterskabet Gruppe C 2010"]
[Site "Rodovre"]
[Date "2010.10.05"]
[Round "5"]
[White "Jorgensen, Henry Lund"]
[Black "Hansen, Soren Sonderkaer"]
[Result "1-0"]
[WhiteElo "1339"]
[BlackElo "1300"]
[PlyCount "75"]
[EventDate "2010.??.??"]

1. d4 Nf6 2. c4 g6 3. Nc3 Bg7 4. e4 O-O 5. e5 Ne8 6. g3 d6 7. exd6 cxd6 8. Bg2
Qb6 9. Nge2 Bg4 10. Nd5 Qd8 11. Ne3 Bxe2 12. Qxe2 Nc6 13. Nd5 Nxd4 14. Qd3 e6
15. Nc3 Rb8 16. O-O Nc7 17. Be3 Nc6 18. Rad1 Ne8 19. Qd2 a6 20. Ne4 Ne5 21. b3
Ng4 22. Bc5 Bh6 23. Qe2 f5 24. Nxd6 Qf6 25. h3 b6 26. Nxe8 Rfxe8 27. Bd6 Nxf2
28. Rxf2 Rbd8 29. Rff1 Qg5 30. Bf4 Qh5 31. Qxh5 gxh5 32. Bxh6 Rb8 33. Rd7 b5
34. c5 Rbd8 35. c6 Rxd7 36. cxd7 Rb8 37. Rd1 Rd8 38. Bg5 1-0

[Event "Damhusmesterskabet Gruppe C 2010"]
[Site "Rodovre"]
[Date "2010.10.05"]
[Round "5"]
[White "Hviid, Jens Carl"]
[Black "Breinholt, Bendt"]
[Result "1-0"]
[WhiteElo "1298"]
[BlackElo "1000"]
[PlyCount "81"]
[EventDate "2010.??.??"]

1. c4 e6 2. Nc3 Nf6 3. d3 c6 4. Bd2 d5 5. cxd5 cxd5 6. g3 Bc5 7. e3 d4 8. Na4
Nbd7 9. Nxc5 Nxc5 10. b4 Ncd7 11. exd4 Nb6 12. Bc3 Qc7 13. Rc1 Bd7 14. Bg2 Ba4
15. Bb2 Qd6 16. Qd2 O-O 17. Nf3 Qd5 18. Ba3 Rfe8 19. O-O h6 20. Qb2 Bb5 21. Rc5
Qd7 22. Ne5 Na4 23. Nxd7 Nxb2 24. Nxf6+ gxf6 25. Rxb5 Nxd3 26. Rxb7 Rad8 27.
Be4 Rxd4 28. Bxd3 Rxd3 29. Rxa7 Rb8 30. Rb1 e5 31. Kg2 e4 32. Rb3 Rd2 33. Bc1
Rc2 34. Bxh6 Re2 35. Bf4 Rd8 36. b5 Kh7 37. Rxf7+ Kg6 38. Ra7 Kh5 39. b6 e3 40.
Rb5+ Kg4 41. h3# 1-0

[Event "Damhusmesterskabet Gruppe C 2010"]
[Site "Rodovre"]
[Date "2010.10.12"]
[Round "6"]
[White "Hviid, Jens Carl"]
[Black "Gram, Mathias Laerkegaard"]
[Result "1/2-1/2"]
[WhiteElo "1298"]
[BlackElo "1347"]
[PlyCount "71"]
[EventDate "2010.??.??"]

1. c4 c6 2. Nc3 d5 3. cxd5 cxd5 4. e3 Nf6 5. d4 Nc6 6. g3 e5 7. dxe5 Nxe5 8.
Bb5+ Bd7 9. Bxd7+ Qxd7 10. Qa4 Bb4 11. Qxd7+ Nfxd7 12. Bd2 d4 13. exd4 Nd3+ 14.
Ke2 Nxb2 15. Rb1 Bxc3 16. Bxc3 Na4 17. Bb4 O-O-O 18. Nf3 Rhe8+ 19. Kd3 Nf6 20.
Ng5 Rd7 21. Rbc1+ Kb8 22. Bd2 h6 23. Nf3 Ne4 24. Be3 Nb2+ 25. Kc2 Nc4 26. Bf4+
Ka8 27. Rhe1 g5 28. Be3 Nxe3+ 29. Rxe3 Rc7+ 30. Kb2 Rxc1 31. Kxc1 Rc8+ 32. Kb2
f5 33. Re2 b5 34. Ne1 Re8 35. f3 Nd6 36. Rxe8+ 1/2-1/2

[Event "Damhusmesterskabet Gruppe C 2010"]
[Site "Rodovre"]
[Date "2010.10.12"]
[Round "6"]
[White "Wadtland, Flemming"]
[Black "Olsen, Kim"]
[Result "1-0"]
[WhiteElo "1246"]
[BlackElo "1393"]
[PlyCount "77"]
[EventDate "2010.??.??"]

1. Nf3 Nf6 2. c4 e6 3. d4 d5 4. Bg5 Be7 5. e3 O-O 6. cxd5 exd5 7. Bd3 Bg4 8. h3
Bh5 9. Nbd2 Re8 10. Qc2 Bg6 11. Bxg6 fxg6 12. Ne5 Qd6 13. Bf4 Nh5 14. Bh2 Qb6
15. Rc1 Bd6 16. O-O Na6 17. a3 Re7 18. Ndf3 Nf6 19. Nd2 Rae8 20. Kh1 c5 21. Qb3
Qa5 22. dxc5 Nxc5 23. Qc2 Bxe5 24. Bxe5 Rxe5 25. Nf3 R5e6 26. Qxc5 Qa6 27. Nd4
R6e7 28. Qb5 Qd6 29. Rc2 Qe5 30. Rfc1 Ne4 31. Nf3 Qf5 32. Rd1 Ng3+ 33. Kg1 Qxc2
34. Qxd5+ Kf8 35. fxg3 Qxb2 36. Ng5 Re5 37. Rf1+ Rf5 38. Rxf5+ gxf5 39. Qf7#
1-0

[Event "Damhusmesterskabet Gruppe C 2010"]
[Site "Rodovre"]
[Date "2010.10.12"]
[Round "6"]
[White "Christensen, Bent2"]
[Black "Jorgensen, Henry Lund"]
[Result "0-1"]
[WhiteElo "1229"]
[BlackElo "1339"]
[PlyCount "100"]
[EventDate "2010.??.??"]

1. e4 e5 2. Bc4 Nf6 3. d3 Bc5 4. h3 O-O 5. Nf3 Nc6 6. c3 d6 7. Qb3 Na5 8. Qa4
Nxc4 9. dxc4 Nxe4 10. Rf1 Be6 11. Nbd2 Nxd2 12. Bxd2 Qf6 13. O-O-O h6 14. Be3
Bb6 15. Nd2 Qg6 16. g4 f6 17. Rg1 Bxe3 18. fxe3 Qf7 19. b3 a6 20. Qa3 a5 21.
Qb2 a4 22. e4 axb3 23. axb3 Rfb8 24. Kc2 b5 25. cxb5 Rxb5 26. Ra1 Rab8 27. Ra3
c6 28. Rga1 d5 29. exd5 cxd5 30. Kd1 f5 31. gxf5 Bxf5 32. Ra8 Rxa8 33. Rxa8+
Kh7 34. Nf3 Qh5 35. Qf2 Rxb3 36. Ra2 Rxc3 37. Ke2 e4 38. Kd2 Qxf3 39. Qxf3 Rxf3
40. Ke1 Rxh3 41. Rf2 Rh1+ 42. Kd2 g6 43. Ke3 Rd1 44. Kf4 d4 45. Kg3 e3 46. Re2
Rd2 47. Re1 e2 48. Kf2 d3 49. Kg2 Rd1 50. Kf2 h5 0-1

[Event "Damhusmesterskabet Gruppe C 2010"]
[Site "Rodovre"]
[Date "2010.10.19"]
[Round "6"]
[White "Balken, Peer"]
[Black "Gemzoe, Bjorn"]
[Result "0-1"]
[WhiteElo "1214"]
[BlackElo "1280"]
[PlyCount "68"]
[EventDate "2010.??.??"]

1. c4 e5 2. Nc3 Nf6 3. Nf3 Nc6 4. d3 h6 5. g3 Bc5 6. a3 Ng4 7. e3 O-O 8. b4 Be7
9. Bg2 d6 10. O-O f5 11. Bb2 f4 12. h3 Nf6 13. Nd5 fxg3 14. fxg3 Nh5 15. Kh2
Nf6 16. Nh4 Be6 17. Nxf6+ Bxf6 18. Ng6 Rf7 19. Qe2 Ne7 20. Be4 d5 21. Nxe7+
Rxe7 22. cxd5 Bxd5 23. Qf3 c6 24. Qf5 Bxe4 25. Qxe4 Qd6 26. Rad1 Rf8 27. Rf5
Qd5 28. Qg4 Qe6 29. Rdf1 Ref7 30. R1f2 Kh7 31. Qe4 g6 32. R5f3 Kg7 33. d4 Bg5
34. Rxf7+ Rxf7 0-1

[Event "Damhusmesterskabet Gruppe C 2010"]
[Site "Rodovre"]
[Date "2010.10.19"]
[Round "6"]
[White "Breinholt, Bendt"]
[Black "Hansen, Soren Sonderkaer"]
[Result "0-1"]
[WhiteElo "1000"]
[BlackElo "1300"]
[PlyCount "46"]
[EventDate "2010.??.??"]

1. e4 e5 2. Nf3 d6 3. Bc4 Bg4 4. O-O Qf6 5. h3 Bxf3 6. gxf3 h5 7. Nc3 Rh6 8.
Kh1 Qh4 9. Kh2 Qf4+ 10. Kh1 g5 11. Nd5 Qh4 12. Kh2 Kd7 13. Ne3 Qf4+ 14. Kh1 Ne7
15. Ng2 Qf6 16. d3 Rg6 17. c3 g4 18. f4 gxh3 19. Ne3 exf4 20. Qxh5 fxe3 21.
Bxe3 h2 22. Qh3+ Kd8 23. Qxh2 Qf3+ 0-1

[Event "Damhusmesterskabet Gruppe C 2010"]
[Site "Rodovre"]
[Date "2010.10.26"]
[Round "7"]
[White "Breinholt, Bendt"]
[Black "Balken, Peer"]
[Result "0-1"]
[WhiteElo "1000"]
[BlackElo "1214"]
[PlyCount "86"]
[EventDate "2010.??.??"]

1. e4 e5 2. Nf3 d6 3. Bc4 Be6 4. Bxe6 fxe6 5. d3 h6 6. O-O c5 7. h3 Nc6 8. Bd2
Be7 9. g3 Bf6 10. Kh2 Nge7 11. a3 g5 12. Ng1 Kd7 13. b4 h5 14. Qf3 Qf8 15. Qe3
Nd4 16. Rc1 Qg7 17. Bc3 g4 18. bxc5 h4 19. cxd6 hxg3+ 20. Qxg3 Rxh3+ 21. Nxh3
Bh4 22. Qxh4 Nf3+ 23. Kg3 Nxh4 24. Kxh4 Rh8+ 25. Kg3 Rxh3+ 26. Kg2 Kxd6 27. Rh1
Qh6 28. Bb4+ Kd7 29. Nc3 Ng6 30. Rag1 Nf4+ 31. Kf1 Rxh1 32. Ne2 Qh3+ 33. Ke1
Nxe2 34. Rxh1 Qxh1+ 35. Kxe2 Qf3+ 36. Kf1 b5 37. a4 a6 38. axb5 axb5 39. c4
Qd1+ 40. Be1 Qxd3+ 41. Kg2 bxc4 42. f3 Qxf3+ 43. Kh2 c3 0-1

[Event "Damhusmesterskabet Gruppe C 2010"]
[Site "Rodovre"]
[Date "2010.10.26"]
[Round "7"]
[White "Gemzoe, Bjorn"]
[Black "Christensen, Bent2"]
[Result "1-0"]
[WhiteElo "1280"]
[BlackElo "1229"]
[PlyCount "109"]
[EventDate "2010.??.??"]

1. e4 e6 2. Nf3 Nc6 3. d4 d5 4. e5 h6 5. Nbd2 Nge7 6. a3 Nf5 7. Nb3 Bd7 8. Bd3
Be7 9. h4 Nxh4 10. Nxh4 Bxh4 11. g3 Be7 12. Qg4 g5 13. Rh5 a5 14. Be3 b6 15.
O-O-O a4 16. Nd2 Na5 17. Rdh1 Bc6 18. Rxh6 Rxh6 19. Rxh6 Kd7 20. Rh7 Qg8 21.
Qh5 Rf8 22. Nf3 g4 23. Nh2 Nc4 24. Bxc4 dxc4 25. Bf4 Be4 26. Rh6 Bf5 27. Nf1
Be4 28. Ne3 Bf3 29. Nxc4 Kc8 30. Nd2 Rd8 31. Nxf3 gxf3 32. Qxf3 Bg5 33. Bxg5
Qxg5+ 34. Qe3 Qg4 35. Rh4 Qg6 36. Rf4 Rh8 37. Qf3 Rd8 38. Rxf7 Kb8 39. Qf6 Qxf6
40. Rxf6 Re8 41. f4 Kb7 42. c4 c6 43. Kc2 b5 44. c5 Ka6 45. g4 Kb7 46. g5 Rh8
47. Rxe6 Rh7 48. Kb1 Rh4 49. Rf6 Rh1+ 50. Ka2 Rh2 51. g6 Rg2 52. f5 Ka6 53. Rf7
Ka5 54. f6 Rxg6 55. Ra7# 1-0